| 000 | 00632nam a2200205Ia 4500 | ||
|---|---|---|---|
| 003 | GCL | ||
| 008 | 140319s9999 xx 000 0 ara d | ||
| 040 |
_aGCL / _cGCL |
||
| 082 | 0 | 4 |
_a634 _bع ف |
| 100 | 1 | _aعاطف محمد ابراهيم | |
| 245 | 1 | 0 |
_aالفاكهه المستديمة الخضرة زراعتها ورعايتها وانتاجها / _cعاطف محمد ابراهيم |
| 700 | 1 | _aمحمد نظيف حجاج خليف | |
| 300 | _a693 ص | ||
| 490 |
_aكتاب _v0 |
||
| 650 | 0 | 4 | _aالزراعة |
| 650 | 0 | 4 | _aالفواكهة |
| 650 | 0 | 4 | _aالموالح |
| 650 | 0 | 4 | _aالبرتقال |
| 942 |
_2ddc _cBK |
||
| 999 |
_c42962 _d42962 |
||